The language of medicine : (Record no. 390)
[ view plain ]
| 000 -LEADER | |
|---|---|
| fixed length control field | 00590cam a2200193 a 4500 |
| 020 ## - INTERNATIONAL STANDARD BOOK NUMBER | |
| ISBN | 0721660266 |
| 020 ## - INTERNATIONAL STANDARD BOOK NUMBER | |
| ISBN | 9780721660264 |
| 020 ## - INTERNATIONAL STANDARD BOOK NUMBER | |
| ISBN | 0721654355 |
| 020 ## - INTERNATIONAL STANDARD BOOK NUMBER | |
| ISBN | 9780721654355 |
| 050 10 - CALL NUMBER | |
| Classification number | R123 |
| Item number | .C34 |
| 100 1# - AUTHOR | |
| Personal name | Chabner, Davi-Ellen. |
| 245 14 - TITLE | |
| Title | The language of medicine : |
| Remainder of title | a write-in text explaining medical terms / |
| Statement of responsibility, etc | Davi-Ellen Chabner. |
| 250 ## - EDITION | |
| Edition statement | 5th ed. |
| 260 ## - PUBLICATION INFORMATION | |
| Place of publication | Philadelphia : |
| Name of publisher | Saunders, |
| Year of publication | ©1996. |
| 300 ## - DESCRIPTION | |
| Number of Pages | xix, 864 pages : |
| Other physical details | illustrations (some color) ; |
| Dimensions | 28 cm + |
| Accompanying material | 1 computer disc (3 1/2 in.) |
| 500 ## - NOTES | |
| General note | Includes index. |
| 650 #0 - SUBJECTS | |
| Topical Term | Medicine |
| 942 ## - ADDED ENTRY ELEMENTS (KOHA) | |
| Koha item type | Books |
| Withdrawn status | Lost status | Home library | Current library | Shelving location | Date acquired | Full call number | Accession Number | Koha item type |
|---|---|---|---|---|---|---|---|---|
| Methodist University Library Wenchi Nursing | Methodist University Library Wenchi Nursing | General Stacks | 21/10/2017 | R123 .C34 | 2757 | Books |